00478nam a2200133Ia 4500008004100000041001200041082001600053100005300069245007900122260003400201440000900235650002400244650007600268240126s9999 xx 000 0 und d aEnglish aPRIS08-1291 aBharath R, Deepa Hiremath, Maltesh S Grampurohit 0aImage Steganography [electronic resource: Project Report]bNatarajan S Dr. bPESIT, Dept. of ISaBangalore aNULL aInformation Science aSteganography,[electronic,resource:,Project,Report],Information Science